[Event "Menton op 19th"]
[Site "Menton"]
[Date "2022.10.28"]
[Round "8"]
[White "Rabineau, Clement"]
[Black "Kuhn, Clement"]
[Result "0-1"]
[WhiteElo "2164"]
[BlackElo "2258"]
[PlyCount "54"]
[EventDate "2022.10.23"]
[EventType "swiss"]
[EventRounds "9"]
[EventCountry "FRA"]
[SourceTitle "EXT 2024"]
[Source "ChessBase"]
[SourceDate "2023.10.10"]
[SourceVersion "1"]
[SourceVersionDate "2023.10.10"]
[SourceQuality "1"]

1. Nf3 Nf6 2. c4 g6 3. g3 Bg7 4. Bg2 0-0 5. 0-0 d6 6. Nc3 c6 7. b3 Bf5 8. Bb2 Qc8 9. d3 Bh3 10. Qd2 Bxg2 11. Kxg2 a6 12. Ne4 Nbd7 13. Nxf6+ Nxf6 14. Ng5 c5 15. f4 b5 16. Nf3 Rb8 17. Rab1 Qc6 18. Bxf6 Bxf6 19. Qc2 a5 20. cxb5 Rxb5 21. Rfd1 Rb4 22. a3 Rb5 23. b4 axb4 24. axb4 Qa6 25. Qc4 Qb7 26. Rdc1 cxb4 27. Rb3 Rc5 0-1

[Event "Titled Tuesday intern op 27th Sep Late"]
[Site "Chess.com INT"]
[Date "2022.09.27"]
[Round "6"]
[White "Karas, Marek"]
[Black "Rabineau, Clement"]
[Result "1-0"]
[WhiteElo "2233"]
[BlackElo "2164"]
[PlyCount "59"]
[EventDate "2022.09.27"]
[EventType "swiss (blitz)"]
[EventRounds "11"]
[EventCountry "USA"]
[SourceTitle "CBM 210 Extra"]
[Source "ChessBase"]
[SourceDate "2022.11.30"]
[SourceVersion "1"]
[SourceVersionDate "2022.11.30"]
[SourceQuality "1"]

1. d4 d6 2. e4 g6 3. Nc3 Bg7 4. Be3 a6 5. Qd2 Nd7 6. h4 h6 7. f3 b5 8. a3 Bb7 9. Nge2 c5 10. d5 Rc8 11. Ng3 h5 12. Bg5 c4 13. Nd1 Nc5 14. Be2 Nf6 15. 0-0 Qc7 16. Be3 Nfd7 17. Rb1 Ne5 18. Bd4 Bf6 19. f4 Ng4 20. Bxf6 exf6 21. Qd4 Qe7 22. Bf3 Rc7 23. Nf2 Bc8 24. Rbe1 Nxf2 25. Rxf2 0-0 26. e5 fxe5 27. fxe5 Re8 28. Rfe2 Qf8 29. exd6 Rxe2 30. Rxe2 1-0

[Event "Titled Tuesday intern op 13th Sep Late"]
[Site "Chess.com INT"]
[Date "2022.09.13"]
[Round "11"]
[White "Lewtak, Damian"]
[Black "Rabineau, Clement"]
[Result "0-1"]
[WhiteElo "2386"]
[BlackElo "2164"]
[PlyCount "76"]
[EventDate "2022.09.13"]
[EventType "swiss (blitz)"]
[EventRounds "11"]
[EventCountry "USA"]
[SourceTitle "EXT 2023"]
[Source "ChessBase"]
[SourceDate "2022.10.05"]
[SourceVersion "1"]
[SourceVersionDate "2022.10.05"]
[SourceQuality "1"]

1. a4 e5 2. h4 d5 3. e3 c5 4. d3 Nc6 5. Nd2 f5 6. c4 d4 7. e4 Nf6 8. f3 Nh5 9. Ne2 f4 10. Qb3 Be7 11. Kd1 Nb4 12. a5 Bd7 13. Nb1 b6 14. Bd2 bxa5 15. Qa3 0-0 16. Be1 Rb8 17. Nc1 Rf6 18. Qxa5 Ra6 19. Qxd8+ Bxd8 20. Rxa6 Nxa6 21. b3 Nb4 22. Na3 a5 23. Nc2 Na6 24. Na3 a4 25. Nb5 axb3 26. Nxb3 Bxb5 27. cxb5 Rxb5 28. Kc2 Nb4+ 29. Kb2 Be7 30. Be2 Nc6 31. Kc2 Kf7 32. Nd2 Nb4+ 33. Kb3 Ra5 34. Nc4 Rb5 35. Nxe5+ Ke6 36. Kc4 Rb8 37. g4 Kxe5 38. gxh5 Nc2 0-1

[Event "Titled Tuesday intern op 09th Aug Late"]
[Site "Chess.com INT"]
[Date "2022.08.09"]
[Round "5"]
[White "Rose, Felix"]
[Black "Rabineau, Clement"]
[Result "1-0"]
[WhiteElo "2091"]
[BlackElo "2193"]
[PlyCount "115"]
[EventDate "2022.08.09"]
[EventType "swiss (blitz)"]
[EventRounds "11"]
[EventCountry "USA"]
[SourceTitle "EXT 2023"]
[Source "ChessBase"]
[SourceDate "2022.10.05"]
[SourceVersion "1"]
[SourceVersionDate "2022.10.05"]
[SourceQuality "1"]

1. e4 d6 2. d4 g6 3. Nc3 Bg7 4. Nf3 Nf6 5. h3 0-0 6. Be3 c5 7. dxc5 Qa5 8. Nd2 dxc5 9. Nb3 Qc7 10. Nxc5 b6 11. Nb3 Bb7 12. Bd3 Nh5 13. Qd2 Na6 14. a3 Rfd8 15. 0-0 Rac8 16. Qe2 Nb8 17. Nb5 Qd7 18. Nxa7 Bxb2 19. Nxc8 Bxa1 20. Nxb6 Qd6 21. Rxa1 Nc6 22. f4 Nxf4 23. Bxf4 Qxf4 24. Rf1 Qe5 25. Qf2 f6 26. Nd5 Kg7 27. Nc5 Bc8 28. Nb6 Nd4 29. Nxc8 Rxc8 30. Nb3 Ne6 31. Nd2 Qc3 32. Nf3 Nf4 33. e5 f5 34. e6 Qf6 35. Qd4 Nxe6 36. Qxf6+ Kxf6 37. Re1 Nc5 38. Ne5 e6 39. a4 Rd8 40. a5 Rd5 41. a6 Rd8 42. a7 Ra8 43. Ra1 Nxd3 44. Nxd3 e5 45. Ra6+ Kg5 46. Nxe5 f4 47. Nf3+ Kf5 48. Kf2 Ke4 49. Ng5+ Kf5 50. Nxh7 g5 51. Kf3 g4+ 52. hxg4+ Ke5 53. Ng5 Kd5 54. Nh3 Ke5 55. Nxf4 Kd4 56. Ra3 Ke5 57. g5 Kf5 58. Ra5# 1-0

[Event "Titled Tuesday intern op 02nd Aug Late"]
[Site "Chess.com INT"]
[Date "2022.08.02"]
[Round "1"]
[White "Goltsev, Dmitry"]
[Black "Rabineau, Clement"]
[Result "1/2-1/2"]
[WhiteElo "2294"]
[BlackElo "2185"]
[PlyCount "297"]
[EventDate "2022.08.02"]
[EventType "swiss (blitz)"]
[EventRounds "11"]
[EventCountry "USA"]
[SourceTitle "EXT 2023"]
[Source "ChessBase"]
[SourceDate "2022.10.05"]
[SourceVersion "1"]
[SourceVersionDate "2022.10.05"]
[SourceQuality "1"]

1. e4 d6 2. Nf3 g6 3. Nc3 Bg7 4. d4 Nf6 5. h3 0-0 6. Bd3 c5 7. dxc5 dxc5 8. 0-0 Nc6 9. e5 Nd5 10. Re1 Nxc3 11. bxc3 Qc7 12. Bf4 h6 13. Qd2 Kh7 14. Rad1 Be6 15. a4 Rad8 16. Qe3 b6 17. Nh4 Rd5 18. c4 Rd4 19. c3 Rd7 20. Qe4 Rxd3 21. Rxd3 Na5 22. Rdd1 Nxc4 23. Nf3 Nb2 24. Rd2 Nc4 25. Rde2 Rd8 26. Nd2 Nb2 27. Bg3 Bf5 28. Qf4 Nd3 29. Qe3 Nxe1 30. Rxe1 Be6 31. Bf4 Qd7 32. Ne4 Qxa4 33. Bg3 Qc2 34. Re2 Qd3 35. Kh2 Qxe3 36. Rxe3 Bf5 37. Bf4 g5 38. Bg3 Bxe4 39. Rxe4 e6 40. Ra4 a5 41. Ra2 Rd5 42. Rb2 Bxe5 43. Bxe5 Rxe5 44. Rxb6 Re2 45. Rb5 Rxf2 46. Rxa5 Rc2 47. Rxc5 Kg6 48. Rc6 h5 49. Kg3 h4+ 50. Kf3 Kf6 51. Rc5 Kg6 52. Rc6 Kg7 53. Rc7 Kf6 54. c4 Rc3+ 55. Kf2 Rc2+ 56. Kg1 Kg6 57. c5 Kf6 58. Rc8 Ke7 59. Rc7+ Ke8 60. c6 f6 61. Kf1 Kd8 62. Rf7 Rxc6 63. Rxf6 Rc5 64. Rxe6 Kd7 65. Re4 Rc6 66. Kf2 Rf6+ 67. Kg1 Re6 68. Rg4 Re5 69. Kf2 Ke6 70. Kf3 Kf5 71. Ra4 Rd5 72. Ra3 Re5 73. Ra8 Rd5 74. Rf8+ Kg6 75. Ke4 Rd2 76. Rg8+ Kf6 77. Kf3 Rd3+ 78. Kf2 Rd2+ 79. Kf3 Rd3+ 80. Ke2 Rg3 81. Kf2 Kf5 82. Ra8 Rc3 83. Ra5+ Kf4 84. Ra4+ Kf5 85. Rg4 Rc2+ 86. Ke3 Rc3+ 87. Kd4 Rc2 88. Kd5 Rf2 89. g3 Rd2+ 90. Kc4 hxg3 91. Rxg3 Kf4 92. Rg4+ Kf5 93. Kc3 Rh2 94. Rg3 Kf4 95. Rd3 Rf2 96. Kc4 Rf3 97. Rd4+ Kg3 98. Rg4+ Kxh3 99. Rxg5 Rf4+ 100. Kd3 Rg4 101. Rf5 Kg3 102. Ke3 Rg8 103. Rf3+ Kg4 104. Rf4+ Kg3 105. Rf1 Re8+ 106. Kd4 Rd8+ 107. Ke5 Kg2 108. Rf7 Kg3 109. Ke4 Re8+ 110. Kf5 Kg2 111. Rg7+ Kf3 112. Ra7 Rf8+ 113. Ke5 Re8+ 114. Kf6 Rf8+ 115. Ke7 Rb8 116. Ra3+ Ke4 117. Kd6 Kf5 118. Rf3+ Ke4 119. Rf1 Rd8+ 120. Ke7 Rb8 121. Kd6 Rd8+ 122. Kc7 Rg8 123. Kc6 Rg6+ 124. Kc5 Rg8 125. Re1+ Kf5 126. Kd6 Rd8+ 127. Kc7 Rd3 128. Kc6 Rc3+ 129. Kd5 Rd3+ 130. Kc4 Rd8 131. Rf1+ Ke4 132. Kc5 Rc8+ 133. Kd6 Rc2 134. Rh1 Rd2+ 135. Ke6 Rf2 136. Ra1 Rf4 137. Ra4+ Kf3 138. Ra3+ Kg4 139. Rb3 Rf8 140. Rb4+ Kg5 141. Rb1 Re8+ 142. Kf7 Re2 143. Rg1+ Kf5 144. Ra1 Rb2 145. Ra5+ Ke4 146. Kf6 Rb6+ 147. Kg5 Rc6 148. Ra4+ Kd5 149. Kf5 1/2-1/2

[Event "Titled Tuesday intern op 02nd Aug Late"]
[Site "Chess.com INT"]
[Date "2022.08.02"]
[Round "5"]
[White "Rabineau, Clement"]
[Black "Golubev, Mikhail"]
[Result "0-1"]
[WhiteElo "2185"]
[BlackElo "2461"]
[PlyCount "60"]
[EventDate "2022.08.02"]
[EventType "swiss (blitz)"]
[EventRounds "11"]
[EventCountry "USA"]
[SourceTitle "EXT 2023"]
[Source "ChessBase"]
[SourceDate "2022.10.05"]
[SourceVersion "1"]
[SourceVersionDate "2022.10.05"]
[SourceQuality "1"]

1. e4 c5 2. c3 d5 3. exd5 Nf6 4. Bb5+ Nbd7 5. c4 a6 6. Bxd7+ Qxd7 7. d4 cxd4 8. Qxd4 b5 9. b3 e6 10. Nc3 bxc4 11. bxc4 exd5 12. cxd5 Bb7 13. Nge2 Nxd5 14. 0-0 Nxc3 15. Qxd7+ Kxd7 16. Nxc3 Bd6 17. Na4 Rae8 18. Bb2 Re6 19. Rfd1 Ke7 20. Rac1 Rd8 21. g3 f6 22. Rd2 Rd7 23. Rcd1 Bc6 24. Nb6 Rb7 25. Nc4 Bc5 26. Ba3 Bxa3 27. Nxa3 Rc7 28. Rc2 Rd7 29. Rxd7+ Kxd7 30. Nc4 Re1# 0-1

[Event "Titled Tuesday intern op 02nd Aug Late"]
[Site "Chess.com INT"]
[Date "2022.08.02"]
[Round "3"]
[White "Rabineau, Clement"]
[Black "Ladopoulos, Dimitrios"]
[Result "0-1"]
[WhiteElo "2185"]
[BlackElo "2335"]
[PlyCount "64"]
[EventDate "2022.08.02"]
[EventType "swiss (blitz)"]
[EventRounds "11"]
[EventCountry "USA"]
[SourceTitle "EXT 2023"]
[Source "ChessBase"]
[SourceDate "2022.10.05"]
[SourceVersion "1"]
[SourceVersionDate "2022.10.05"]
[SourceQuality "1"]

1. e4 c5 2. c3 Nf6 3. e5 Nd5 4. Bc4 Nb6 5. Bb3 Nc6 6. Nf3 e6 7. 0-0 c4 8. Bc2 d6 9. exd6 Bxd6 10. b3 0-0 11. Na3 cxb3 12. axb3 e5 13. h3 Qe7 14. Re1 f5 15. Nb5 Bb8 16. Ba3 Qf6 17. Bxf8 Kxf8 18. d4 e4 19. d5 Ne5 20. Nxe5 Qxe5 21. g3 Nxd5 22. c4 e3 23. Qxd5 exf2+ 24. Kxf2 Qxg3+ 25. Ke2 Bf4 26. Qd8+ Kf7 27. Nd6+ Bxd6 28. Kd1 Be5 29. Ra5 Qf3+ 30. Kc1 Bf4+ 31. Kb1 Kg6 32. Qe8+ Kh6 0-1

[Event "Titled Tuesday intern op 05th Jul Early"]
[Site "Chess.com INT"]
[Date "2022.07.05"]
[Round "2"]
[White "Rabineau, Clement"]
[Black "Ramirez Alvarez, Alejandro"]
[Result "0-1"]
[WhiteElo "2185"]
[BlackElo "2561"]
[PlyCount "28"]
[EventDate "2022.07.05"]
[EventType "swiss (blitz)"]
[EventRounds "11"]
[EventCountry "USA"]
[SourceTitle "CBM 209 Extra"]
[Source "ChessBase"]
[SourceDate "2022.09.30"]
[SourceVersion "1"]
[SourceVersionDate "2022.09.30"]
[SourceQuality "1"]

1. e4 c5 2. c3 d5 3. exd5 Qxd5 4. d4 Nc6 5. Nf3 Bf5 6. Be2 cxd4 7. cxd4 Bxb1 8. Rxb1 e6 9. 0-0 Nf6 10. b4 Bd6 11. b5 Ne7 12. b6 0-0 13. Ne5 Qxa2 14. Bc4 Qxb1 0-1

[Event "Titled Tuesday intern op 19th Apr Early"]
[Site "Chess.com INT"]
[Date "2022.04.19"]
[Round "2"]
[White "Demchenko, Anton"]
[Black "Rabineau, Clement"]
[Result "1-0"]
[WhiteElo "2654"]
[BlackElo "2185"]
[PlyCount "89"]
[EventDate "2022.04.19"]
[EventType "swiss (blitz)"]
[EventRounds "11"]
[EventCountry "USA"]
[SourceTitle "EXT 2023"]
[Source "ChessBase"]
[SourceDate "2022.10.05"]
[SourceVersion "1"]
[SourceVersionDate "2022.10.05"]
[SourceQuality "1"]

1. e4 d6 2. d4 g6 3. Nc3 Bg7 4. Nf3 Nf6 5. Be2 0-0 6. 0-0 Nc6 7. d5 Nb8 8. Re1 c6 9. a4 Bg4 10. h3 Bxf3 11. Bxf3 Nbd7 12. a5 cxd5 13. exd5 Rc8 14. Be3 a6 15. Be2 Qc7 16. Na4 Qxc2 17. Ra3 Qxd1 18. Rxd1 Ne4 19. Rb3 Rc7 20. Rb4 Nec5 21. Nb6 Nxb6 22. axb6 Rcc8 23. Rd2 h5 24. g3 Nd7 25. Re4 Rfe8 26. g4 Nc5 27. Rb4 hxg4 28. hxg4 Kf8 29. g5 Be5 30. f4 Bg7 31. Kg2 Red8 32. Bg4 Rb8 33. Kf3 Kg8 34. Rc4 a5 35. Bxc5 dxc5 36. Rxc5 Rd6 37. Rb5 a4 38. Rc2 e6 39. dxe6 fxe6 40. Re2 Rd3+ 41. Kg2 Rb3 42. Bxe6+ Kh7 43. Bxb3 axb3 44. Rxb3 Rf8 45. Kg3 1-0

[Event "Titled Tuesday intern op 19th Apr Early"]
[Site "Chess.com INT"]
[Date "2022.04.19"]
[Round "1"]
[White "Nazari, Arad"]
[Black "Rabineau, Clement"]
[Result "1-0"]
[WhiteElo "2287"]
[BlackElo "2185"]
[PlyCount "45"]
[EventDate "2022.04.19"]
[EventType "swiss (blitz)"]
[EventRounds "11"]
[EventCountry "USA"]
[SourceTitle "EXT 2023"]
[Source "ChessBase"]
[SourceDate "2022.10.05"]
[SourceVersion "1"]
[SourceVersionDate "2022.10.05"]
[SourceQuality "1"]

1. e4 d6 2. d4 g6 3. Nc3 Bg7 4. f4 Nf6 5. e5 dxe5 6. dxe5 Qxd1+ 7. Kxd1 Nh5 8. Be2 Nc6 9. g4 Nxf4 10. Bxf4 Nxe5 11. h3 0-0 12. Nf3 Nxf3 13. Bxf3 c6 14. Ke2 e5 15. Be3 f5 16. gxf5 gxf5 17. Rhg1 e4 18. Bh5 Kh8 19. Bf4 b6 20. Rad1 Ba6+ 21. Ke3 Rad8 22. Rxg7 Kxg7 23. Rg1+ 1-0

[Event "Titled Tuesday intern op 19th Apr Early"]
[Site "Chess.com INT"]
[Date "2022.04.19"]
[Round "3"]
[White "Rabineau, Clement"]
[Black "Acosta Cruz, Oscar Yosimar"]
[Result "0-1"]
[WhiteElo "2185"]
[BlackElo "2164"]
[PlyCount "66"]
[EventDate "2022.04.19"]
[EventType "swiss (blitz)"]
[EventRounds "11"]
[EventCountry "USA"]
[SourceTitle "EXT 2023"]
[Source "ChessBase"]
[SourceDate "2022.10.05"]
[SourceVersion "1"]
[SourceVersionDate "2022.10.05"]
[SourceQuality "1"]

1. e4 c5 2. c3 Nf6 3. e5 Nd5 4. d4 cxd4 5. cxd4 d6 6. f4 Nc6 7. Nc3 e6 8. Nf3 Be7 9. a3 0-0 10. Bd3 b6 11. 0-0 Bb7 12. Kh1 Rc8 13. Qe2 g6 14. Ne4 dxe5 15. fxe5 Nc7 16. Bh6 Nxd4 17. Nxd4 Qxd4 18. Bxf8 Rxf8 19. Nf6+ Kg7 20. Rad1 Qh4 21. Be4 Ba6 22. Qf2 Qg5 23. Qf4 Qxf4 24. Rxf4 Rd8 25. Rxd8 Bxd8 26. Nxh7 Nd5 27. Bxd5 exd5 28. Nf6 Bc4 29. g4 Bc7 30. Nd7 Bb5 31. Kg2 Bxd7 32. Kf2 Bxe5 33. Ra4 a5 0-1

[Event "Titled Tuesday intern op 05th Apr Early"]
[Site "Chess.com INT"]
[Date "2022.04.05"]
[Round "5"]
[White "Rabineau, Clement"]
[Black "Adewumi, Tanitoluwa"]
[Result "0-1"]
[WhiteElo "2185"]
[BlackElo "2177"]
[PlyCount "40"]
[EventDate "2022.04.05"]
[EventType "swiss (blitz)"]
[EventRounds "11"]
[EventCountry "USA"]
[SourceTitle "CBM 207 Extra"]
[Source "ChessBase"]
[SourceDate "2022.05.31"]
[SourceVersion "1"]
[SourceVersionDate "2022.05.31"]
[SourceQuality "1"]

1. e4 c5 2. c3 Nf6 3. e5 Nd5 4. Bc4 Nb6 5. Bb3 c4 6. Bc2 d5 7. exd6 Qxd6 8. Nf3 Nc6 9. 0-0 Bg4 10. b3 0-0-0 11. Na3 Ne5 12. Nxc4 Nbxc4 13. bxc4 Nxf3+ 14. gxf3 Bh3 15. Re1 e5 16. Rb1 f5 17. Kh1 e4 18. fxe4 Qf4 19. Qe2 Bg4 20. d4 Bf3+ 0-1

[Event "Titled Tuesday intern op 05th Apr Early"]
[Site "Chess.com INT"]
[Date "2022.04.05"]
[Round "11"]
[White "Rabineau, Clement"]
[Black "Bashirli, Saadat"]
[Result "1-0"]
[WhiteElo "2185"]
[BlackElo "1421"]
[PlyCount "63"]
[EventDate "2022.04.05"]
[EventType "swiss (blitz)"]
[EventRounds "11"]
[EventCountry "USA"]
[SourceTitle "CBM 207 Extra"]
[Source "ChessBase"]
[SourceDate "2022.05.31"]
[SourceVersion "1"]
[SourceVersionDate "2022.05.31"]
[SourceQuality "1"]

1. e4 c5 2. c3 Nf6 3. e5 Nd5 4. d4 cxd4 5. cxd4 Nc6 6. Nc3 Nxc3 7. bxc3 g6 8. f4 Bg7 9. Nf3 d6 10. Bd3 0-0 11. 0-0 dxe5 12. fxe5 Bg4 13. h3 Bxf3 14. Rxf3 Qb6 15. Kh1 Rad8 16. Rb1 Qc7 17. Bf4 e6 18. Qe2 Ne7 19. Be4 Nd5 20. Bd2 f6 21. exf6 Nxf6 22. Rxb7 Qd6 23. Bg5 Nxe4 24. Qxe4 Rde8 25. Bf4 Qa3 26. Be5 Bxe5 27. Qxe5 Qc1+ 28. Kh2 Qh6 29. Rxf8+ Qxf8 30. Rxa7 Rb8 31. Qc7 Rb1 32. Qxh7# 1-0

[Event "Titled Tuesday intern op 29th Mar Early"]
[Site "Chess.com INT"]
[Date "2022.03.29"]
[Round "6"]
[White "Rabineau, Clement"]
[Black "Ovezdurdiyeva, Jemal"]
[Result "0-1"]
[WhiteElo "2185"]
[BlackElo "2061"]
[PlyCount "54"]
[EventDate "2022.03.29"]
[EventType "swiss (blitz)"]
[EventRounds "11"]
[EventCountry "USA"]
[SourceTitle "CBM 207 Extra"]
[Source "ChessBase"]
[SourceDate "2022.05.31"]
[SourceVersion "1"]
[SourceVersionDate "2022.05.31"]
[SourceQuality "1"]

1. e4 d6 2. d4 Nf6 3. f3 c6 4. c4 a6 5. a4 Nbd7 6. Nc3 e5 7. d5 Be7 8. Be3 0-0 9. Nh3 Ne8 10. Nf2 f5 11. Be2 f4 12. Bd2 Ndf6 13. a5 cxd5 14. exd5 Bf5 15. Bd3 Bxd3 16. Nxd3 b6 17. 0-0 Qc7 18. b3 Bd8 19. axb6 Qxb6+ 20. Kh1 Qb7 21. Nf2 Bb6 22. Nfe4 Qf7 23. Qe2 Qh5 24. b4 Bd4 25. Ra4 Nd7 26. Rfa1 Rf5 27. Rxa6 Qxh2+ 0-1

[Event "Titled Tuesday intern op 29th Mar Early"]
[Site "Chess.com INT"]
[Date "2022.03.29"]
[Round "3"]
[White "Rabineau, Clement"]
[Black "Tasev, Dejan"]
[Result "0-1"]
[WhiteElo "2185"]
[BlackElo "2188"]
[PlyCount "74"]
[EventDate "2022.03.29"]
[EventType "swiss (blitz)"]
[EventRounds "11"]
[EventCountry "USA"]
[SourceTitle "CBM 207 Extra"]
[Source "ChessBase"]
[SourceDate "2022.05.31"]
[SourceVersion "1"]
[SourceVersionDate "2022.05.31"]
[SourceQuality "1"]

1. e4 e5 2. Nf3 Nf6 3. Nc3 Nc6 4. d4 exd4 5. Nxd4 Bc5 6. Be3 Bb6 7. Nf5 0-0 8. Bxb6 axb6 9. Ne3 Re8 10. Bd3 d6 11. 0-0 Ra5 12. Ncd5 Nxe4 13. c4 Nf6 14. Qd2 Be6 15. Nf4 Ne5 16. Nxe6 fxe6 17. Bc2 Nc6 18. b4 Rh5 19. a3 e5 20. f4 exf4 21. Rxf4 Rhe5 22. Ng4 Nxg4 23. Rxg4 Qe7 24. h4 Re1+ 25. Rxe1 Qxe1+ 26. Qxe1 Rxe1+ 27. Kf2 Rc1 28. Be4 Ne5 29. Bd5+ Kf8 30. Rf4+ Ke7 31. Ke2 c6 32. Bg8 h6 33. g4 Rc2+ 34. Kd1 Rc3 35. a4 Ra3 36. b5 Rxa4 37. c5 Rxf4 0-1

[Event "Titled Tuesday intern op 22 Mar Late"]
[Site "Chess.com INT"]
[Date "2022.03.22"]
[Round "5"]
[White "Kokoszczynski, Jan"]
[Black "Rabineau, Clement"]
[Result "1/2-1/2"]
[WhiteElo "2296"]
[BlackElo "2185"]
[PlyCount "120"]
[EventDate "2022.03.22"]
[EventType "swiss (blitz)"]
[EventRounds "11"]
[EventCountry "USA"]
[SourceTitle "CBM 207 Extra"]
[Source "ChessBase"]
[SourceDate "2022.05.31"]
[SourceVersion "1"]
[SourceVersionDate "2022.05.31"]
[SourceQuality "1"]

1. e4 d6 2. d4 g6 3. Nc3 Bg7 4. Be3 a6 5. Bd3 Nd7 6. Qd2 b5 7. Nce2 Bb7 8. Ng3 c5 9. c3 Ngf6 10. Bh6 0-0 11. Nf3 e5 12. d5 c4 13. Bc2 Nc5 14. h4 Bxh6 15. Qxh6 Ng4 16. Qd2 h5 17. a4 Rc8 18. axb5 axb5 19. Nh2 Qxh4 20. Nxg4 Qxg4 21. Qh6 Nd3+ 22. Bxd3 cxd3 23. Qe3 Ra8 24. 0-0 h4 25. Nh1 h3 26. Qxh3 Qe2 27. Ng3 Bc8 28. Nxe2 Bxh3 29. Rxa8 Rxa8 30. gxh3 dxe2 31. Re1 Rc8 32. Rxe2 Rc4 33. f3 f5 34. Kg2 Kf7 35. Kg3 Kf6 36. h4 b4 37. cxb4 Rxb4 38. exf5 gxf5 39. Rc2 Rb3 40. Rc6 Ke7 41. Rc7+ Ke8 42. h5 e4 43. Kf4 Rxf3+ 44. Kg5 e3 45. Kf6 Kd8 46. Re7 f4 47. h6 Rh3 48. h7 Rh6+ 49. Kg7 Kxe7 50. Kxh6 e2 51. h8Q e1Q 52. Qg7+ Kd8 53. Qf6+ Kd7 54. Qxf4 Qe5 55. Qxe5 dxe5 56. Kg5 Kd6 57. Kg4 Kxd5 58. Kf3 Kc4 59. Ke4 Kb3 60. Kxe5 Kxb2 1/2-1/2